<?xml version="1.0" encoding="UTF-8"?><?xml-stylesheet type="text/xsl" href="static/style.xsl"?><OAI-PMH xmlns="http://www.openarchives.org/OAI/2.0/" xmlns:xsi="http://www.w3.org/2001/XMLSchema-instance" xsi:schemaLocation="http://www.openarchives.org/OAI/2.0/ http://www.openarchives.org/OAI/2.0/OAI-PMH.xsd"><responseDate>2026-04-17T06:24:38Z</responseDate><request verb="GetRecord" identifier="oai:www.recercat.cat:2117/430533" metadataPrefix="marc">https://recercat.cat/oai/request</request><GetRecord><record><header><identifier>oai:recercat.cat:2117/430533</identifier><datestamp>2025-07-22T16:26:13Z</datestamp><setSpec>com_2072_1033</setSpec><setSpec>col_2072_452951</setSpec></header><metadata><record xmlns="http://www.loc.gov/MARC21/slim" xmlns:dcterms="http://purl.org/dc/terms/" xmlns:xsi="http://www.w3.org/2001/XMLSchema-instance" xmlns:doc="http://www.lyncode.com/xoai" xsi:schemaLocation="http://www.loc.gov/MARC21/slim http://www.loc.gov/standards/marcxml/schema/MARC21slim.xsd">
   <leader>00925njm 22002777a 4500</leader>
   <datafield ind2=" " ind1=" " tag="042">
      <subfield code="a">dc</subfield>
   </datafield>
   <datafield ind2=" " ind1=" " tag="720">
      <subfield code="a">Torremorell Baiget, Eva</subfield>
      <subfield code="e">author</subfield>
   </datafield>
   <datafield ind2=" " ind1=" " tag="260">
      <subfield code="c">2025-02</subfield>
   </datafield>
   <datafield ind2=" " ind1=" " tag="520">
      <subfield code="a">Aquest treball de final de grau, es centra en l’estudi i desenvolupament d’un tirador de cervesa mòbil. En la fase inicial, el projecte va identificar una escletxa en el mercat per un dispensador de cervesa fàcil d’usar, portàtil i econòmic. L’objectiu principal del projecte és el redisseny i la modificació d’un tirador ja existent. Específicament en el disseny d’un Kegerator, buscant millorar la seva distribució interna i el disseny de la carcassa mantenint la seva funcionalitat. Alguns dels objectius claus han sigut optimitzar l’espai intern o buscar solucions per oferir un preu competitiu. La metodologia de tot el treball ha seguit un procés estructurat de diverses fases que van des de l’estudi de mercat fins al disseny formal. La major part del projecte ha consistit a dissenyar amb el programari SolidWorks, un software de disseny assistit per ordinador (CAD), que proporciona eines avançades per la creació i gestió de projectes d'enginyeria i disseny. També s’ha fet un petit estudi per determinar els materials escollits del tirador. A més s’ha fet un estudi econòmic, un estudi social i de gènere i un estudi mediambiental.</subfield>
   </datafield>
   <datafield tag="653" ind2=" " ind1=" ">
      <subfield code="a">Àrees temàtiques de la UPC::Enginyeria mecànica</subfield>
   </datafield>
   <datafield tag="653" ind2=" " ind1=" ">
      <subfield code="a">Industrial design</subfield>
   </datafield>
   <datafield tag="653" ind2=" " ind1=" ">
      <subfield code="a">Beer -- Equipment and supplies</subfield>
   </datafield>
   <datafield tag="653" ind2=" " ind1=" ">
      <subfield code="a">Disseny industrial</subfield>
   </datafield>
   <datafield tag="653" ind2=" " ind1=" ">
      <subfield code="a">Cervesa -- Aparells i accessoris</subfield>
   </datafield>
   <datafield ind2="0" ind1="0" tag="245">
      <subfield code="a">Estudi i disseny d’un tirador de cervesa mòbil</subfield>
   </datafield>
</record></metadata></record></GetRecord></OAI-PMH>